<?xml version="1.0" encoding="UTF-8"?>
<record
    xmlns:xsi="http://www.w3.org/2001/XMLSchema-instance"
    xsi:schemaLocation="http://www.loc.gov/MARC21/slim http://www.loc.gov/standards/marcxml/schema/MARC21slim.xsd"
    xmlns="http://www.loc.gov/MARC21/slim">

  <leader>01611cam a2200289 a 4500</leader>
  <controlfield tag="005">20091121122244.0</controlfield>
  <controlfield tag="008">000504s2000    nik           000 0 eng d</controlfield>
  <datafield tag="010" ind1=" " ind2=" ">
    <subfield code="a">ENG-95538-41</subfield>
  </datafield>
  <datafield tag="020" ind1=" " ind2=" ">
    <subfield code="a">9788131306154 (Set of 4 Vols.)</subfield>
    <subfield code="c">2800.00 (V. I , II, III, &amp; IV)</subfield>
  </datafield>
  <datafield tag="035" ind1=" " ind2=" ">
    <subfield code="a">EN-79071-74</subfield>
  </datafield>
  <datafield tag="037" ind1=" " ind2=" ">
    <subfield code="b">DBAD/PUB</subfield>
  </datafield>
  <datafield tag="040" ind1=" " ind2=" ">
    <subfield code="a">DPL</subfield>
  </datafield>
  <datafield tag="100" ind1=" " ind2=" ">
    <subfield code="a">Mishra, R, C.</subfield>
  </datafield>
  <datafield tag="245" ind1=" " ind2=" ">
    <subfield code="a">Encyclopaedia of  educational psychology </subfield>
    <subfield code="c">by R.C. Mishra</subfield>
  </datafield>
  <datafield tag="260" ind1=" " ind2=" ">
    <subfield code="a">New Delhi</subfield>
    <subfield code="b">APH. Publishing corporation</subfield>
    <subfield code="c">2009</subfield>
  </datafield>
  <datafield tag="270" ind1=" " ind2=" ">
    <subfield code="a">4435-36/7 Ansari Road, Darya Ganj</subfield>
    <subfield code="b">New Delhi</subfield>
    <subfield code="e">110002</subfield>
  </datafield>
  <datafield tag="300" ind1=" " ind2=" ">
    <subfield code="a">4v (279p. ; 279p. ; 286 p. ; 275p. ) </subfield>
    <subfield code="c">22 cm.(Hb)</subfield>
  </datafield>
  <datafield tag="500" ind1=" " ind2=" ">
    <subfield code="a">It is a set of 4 vols. and set price is Rs. 2800.00</subfield>
  </datafield>
  <datafield tag="505" ind1=" " ind2=" ">
    <subfield code="a">V.- I. Educational Psychology. - V.II Advanced  educational Psychology. - V.III  Developmental Psychology. - V. IV  Child Psychology</subfield>
  </datafield>
  <datafield tag="942" ind1=" " ind2=" ">
    <subfield code="2">ddc</subfield>
    <subfield code="c">EN</subfield>
    <subfield code="m">MIS</subfield>
  </datafield>
  <datafield tag="999" ind1=" " ind2=" ">
    <subfield code="c">32019</subfield>
    <subfield code="d">32019</subfield>
  </datafield>
  <datafield tag="952" ind1=" " ind2=" ">
    <subfield code="0">0</subfield>
    <subfield code="1">0</subfield>
    <subfield code="2">ddc</subfield>
    <subfield code="3">v.- 1</subfield>
    <subfield code="4">0</subfield>
    <subfield code="7">1</subfield>
    <subfield code="8">NFIC</subfield>
    <subfield code="a">DBAD</subfield>
    <subfield code="b">DBAD</subfield>
    <subfield code="d">2009-11-21</subfield>
    <subfield code="e">DBAD / PUB</subfield>
    <subfield code="g">2800.00</subfield>
    <subfield code="l">0</subfield>
    <subfield code="o">MIS</subfield>
    <subfield code="p">EN-79071</subfield>
    <subfield code="r">2009-11-21 00:00:00</subfield>
    <subfield code="t">1</subfield>
    <subfield code="v">2800.00</subfield>
    <subfield code="w">2009-11-21</subfield>
    <subfield code="y">EN</subfield>
    <subfield code="z">v.- 1</subfield>
  </datafield>
  <datafield tag="952" ind1=" " ind2=" ">
    <subfield code="0">0</subfield>
    <subfield code="1">0</subfield>
    <subfield code="2">ddc</subfield>
    <subfield code="3">v.- 2</subfield>
    <subfield code="4">0</subfield>
    <subfield code="7">1</subfield>
    <subfield code="8">NFIC</subfield>
    <subfield code="a">DBAD</subfield>
    <subfield code="b">DBAD</subfield>
    <subfield code="d">2009-11-21</subfield>
    <subfield code="e">DBAD / PUB</subfield>
    <subfield code="g">2800.00</subfield>
    <subfield code="l">0</subfield>
    <subfield code="o">MIS</subfield>
    <subfield code="p">EN-79072</subfield>
    <subfield code="r">2009-11-21 00:00:00</subfield>
    <subfield code="t">1</subfield>
    <subfield code="v">2800.00</subfield>
    <subfield code="w">2009-11-21</subfield>
    <subfield code="y">EN</subfield>
    <subfield code="z">v.- 2</subfield>
  </datafield>
  <datafield tag="952" ind1=" " ind2=" ">
    <subfield code="0">0</subfield>
    <subfield code="1">0</subfield>
    <subfield code="2">ddc</subfield>
    <subfield code="3">v.- 3</subfield>
    <subfield code="4">0</subfield>
    <subfield code="7">1</subfield>
    <subfield code="8">NFIC</subfield>
    <subfield code="a">DBAD</subfield>
    <subfield code="b">DBAD</subfield>
    <subfield code="d">2009-11-21</subfield>
    <subfield code="e">DBAD / PUB</subfield>
    <subfield code="g">2800.00</subfield>
    <subfield code="l">0</subfield>
    <subfield code="o">MIS</subfield>
    <subfield code="p">EN-79073</subfield>
    <subfield code="r">2009-11-21 00:00:00</subfield>
    <subfield code="t">1</subfield>
    <subfield code="v">2800.00</subfield>
    <subfield code="w">2009-11-21</subfield>
    <subfield code="y">EN</subfield>
    <subfield code="z">v.- 3</subfield>
  </datafield>
  <datafield tag="952" ind1=" " ind2=" ">
    <subfield code="0">0</subfield>
    <subfield code="1">0</subfield>
    <subfield code="2">ddc</subfield>
    <subfield code="3">v.- 4</subfield>
    <subfield code="4">0</subfield>
    <subfield code="7">1</subfield>
    <subfield code="8">NFIC</subfield>
    <subfield code="a">DBAD</subfield>
    <subfield code="b">DBAD</subfield>
    <subfield code="d">2009-11-21</subfield>
    <subfield code="e">DBAD / PUB</subfield>
    <subfield code="g">2800.00</subfield>
    <subfield code="l">0</subfield>
    <subfield code="o">MIS</subfield>
    <subfield code="p">EN-79074</subfield>
    <subfield code="r">2009-11-21 00:00:00</subfield>
    <subfield code="t">1</subfield>
    <subfield code="v">2800.00</subfield>
    <subfield code="w">2009-11-21</subfield>
    <subfield code="y">EN</subfield>
    <subfield code="z">v.- 4</subfield>
  </datafield>
</record>
